000 00883nam a2200253 i 4500
001 187076
003 SpMaBN
005 20250817180323.0
008 170410s1987 sp b |||| | spa d
020 _a84-7719-037-2
080 _a82.035:016
080 _a015(460)
100 1 _aSantoyo, Julio-César.
_9103544
245 1 0 _aTraducción, traducciones, traductores
_b: ensayo de bibliografía española /
_cJ.C. Santoyo (con la colaboración de Micaela Muñoz).
246 3 8 _aTraducción
_b: bibliografía española
260 _aLeón :
_bUniversidad, Servicio de Publicaciones,
_c[1987]
300 _a153 p. ;
_c21 cm.
650 7 _aTraducción-
_vBibliografías.
_9162332
650 0 7 _aBibliografías españolas
_2embne
_910523
700 1 _aMuñoz, Micaela.
_9162333
710 2 _aUniversidad de León.
_97200
852 _aES-MaACL
_jL-31397
999 _c187076
_d187076